Catalog

Record Details

Catalog Search



Základy k metafysice mravů / Emmanuel Kant ; přel., úv. a pozn. opatřil Antonín Papírník

Kant, Immanuel, 1724-1804 (Author). Papírník, Antonín, 1875-1957 (Translator, Author of introduction, etc.).

Record details

  • Physical Description: 110 s. ; 22 cm
  • Publisher: V Praze : Jan Laichter, 1910

Content descriptions

General Note:
Pozn. s. 98-105
Rejstř. věc., výkladový
Subject: etika
Genre: studie

Available copies

  • 1 of 1 copy available at Common Catalog SPOK.

Holds

  • 0 current holds with 1 total copy.
Show Only Available Copies
Location Call Number / Copy Notes Barcode Shelving Location Status Due Date
Jabok Library FL-3/Ka 424480030586 Odborná literatura Available -

LDR 02475cam a22004697a 4500
00117948
003CZ-PrJAB
00520131001135415.0
008000529s1910 xr |||||r|||||||||||cze|d
015 . ‡acnb000576254
035 . ‡a(CONS)17948
035 . ‡a(CZ PrCU)000784920
040 . ‡aABD001 ‡bcze ‡cABD001 ‡dABD001 ‡dABC013 ‡dABD027 ‡dABD156 ‡dABD103
0411 . ‡acze ‡hger
044 . ‡axr
072 7. ‡a101 ‡xFilozofie ‡2Konspekt ‡95
1001 . ‡aKant, Immanuel, ‡d1724-1804 ‡7jn19990004171 ‡4aut
24510. ‡aZáklady k metafysice mravů / ‡cEmmanuel Kant ; přel., úv. a pozn. opatřil Antonín Papírník
260 . ‡aV Praze : ‡bJan Laichter, ‡c1910
300 . ‡a110 s. ; ‡c22 cm
4901 . ‡aLaichterův výbor nejlepších spisů poučných ; ‡vKn. 37
500 . ‡aPozn. s. 98-105
500 . ‡aRejstř. věc., výkladový
65007. ‡aetika ‡7ph114488 ‡2czenas
655 7. ‡astudie ‡7fd133597 ‡2czenas
7001 . ‡aPapírník, Antonín, ‡d1875-1957 ‡7jk01091720 ‡4trl ‡4aui
830 0. ‡aLaichterův výbor nejlepších spisů poučných
910 . ‡aABG312
901 . ‡a17948 ‡b ‡c17948 ‡tbiblio

Additional Resources